Things Swallowed by Dogs Quiz Stats

 Plays Quiz Updated Aug 20, 2015

Score 0/15 Timer 06:00
4 Plays Today
% Correct
Set of keys
99.8%
Spoon
98.8%
Fork
98.6%
Engagement ring
98.1%
Rubber duck
97%
Toy car
96.9%
Knight
91.4%
Nails, screws and staples
89.1%
% Correct
Tweezers
86.8%
Light bulb
83.1%
Monopoly dog
83%
Headphones
77.1%
Golf balls
69.6%
Tinkerbell charm
62.5%
$1.29 in coins
5.8%

You're not logged in!

Compare scores with friends on all Sporcle quizzes.
OR
Log In

You Might Also Like...

Show Comments

Extras

Top Quizzes Today


Score Distribution

Your Account Isn't Verified!

In order to create a playlist on Sporcle, you need to verify the email address you used during registration. Go to your Sporcle Settings to finish the process.

Report this User

Report this user for behavior that violates our Community Guidelines.

Details: